000 00611cam a2200193 i 4500
005 20251124103551.0
008 250721s2003 ua gr 000 0 ara d
020 _a9773391019
082 1 4 _a211.5
_bق ط ب
100 1 _aقطب، محمد علي
_eمؤلف.
245 1 0 _aكتاب الوحي /
_cمحمد علي قطب.
250 _aالطبعة الاولى.
264 3 1 _aالقاهرة :
_bالدار الثقافية للنشر،
_c2003.
300 _a157 صفحة.
650 1 7 _aالعلوم القرانية.
650 1 7 _aجمع القران.
942 _2ddc
_cBK
999 _c88189
_d88189